000 00663nam a2200241Ia 4500
003 OSt
005 20220928133028.0
006 a|||||r|||| 00| 0
007 ta
008 220927b |||||||| |||| 00| 0 eng d
024 _a61067
037 _cTextual
040 _aSDCL
_cSDCL
_beng
041 _2eng
_aeng
082 _aP-:g(T), P5.1-.2
100 _aGurtu Madhu Ed.
_9484072
245 0 _aEveryday english. 2V.
260 _aDelhi
_bPearson Longman
_c1995
490 _vV1;viii,114p.
700 _a Virmani Kusum Au.
_9484073
942 _hP-:g(T), P5.1-.2
_cTEXL
_2CC
999 _c797389
_d797389